| 000 | 01124cam a2200277 4500 | ||
|---|---|---|---|
| 001 | ABS68296 | ||
| 008 | 041014n2004 000 0 eng u | ||
| 035 | _a(Sirsi) u127704 | ||
| 100 | _aJansen, M. | ||
| 245 | _aSpecial report: property partners | ||
| 260 | _c2004 | ||
| 490 |
_aProperty Week _v69(40) 1 October 2004, 51-62(8) |
||
| 520 | _a"Powell power" profiles former Westminster planning chief Carl Powell who has returned to the private sector. "Dutch master" reports on the government-occupied, award winning De Hoftoren building in the Hague. "The omnipresent occupier" reports on a meeting hosted by HOK, to discuss the relationship between architects and occupiers. "Sick builders syndrome" highlights how contractors are looking for bigger margins and are desperate for new recruits. | ||
| 590 | _aABS | ||
| 590 | _aABS | ||
| 650 | _aBUILDING CONTRACTORS | ||
| 650 | _aOCCUPIERS | ||
| 650 | _aARCHITECTS | ||
| 650 | _aTHE HAGUE | ||
| 650 | _aPROFILES | ||
| 650 | _aRECRUITMENT ISSUES | ||
| 690 | _aBUILDING AND CONSTRUCTION | ||
| 700 | _aMelvin, J. | ||
| 700 | _aLeftly, M. | ||
| 942 | _n0 | ||
| 999 |
_c118162 _d118162 |
||